<?xml version="1.0" encoding="UTF-8"?><?xml-stylesheet type="text/xsl" href="static/style.xsl"?><OAI-PMH xmlns="http://www.openarchives.org/OAI/2.0/" xmlns:xsi="http://www.w3.org/2001/XMLSchema-instance" xsi:schemaLocation="http://www.openarchives.org/OAI/2.0/ http://www.openarchives.org/OAI/2.0/OAI-PMH.xsd"><responseDate>2026-04-18T07:35:46Z</responseDate><request verb="GetRecord" identifier="oai:riubu.ubu.es:10259/10193" metadataPrefix="marc">https://riubu.ubu.es/oai/request</request><GetRecord><record><header><identifier>oai:riubu.ubu.es:10259/10193</identifier><datestamp>2025-07-28T11:57:58Z</datestamp><setSpec>com_10259_3844</setSpec><setSpec>com_10259_5086</setSpec><setSpec>com_10259_2604</setSpec><setSpec>col_10259_3845</setSpec></header><metadata><record xmlns="http://www.loc.gov/MARC21/slim" xmlns:doc="http://www.lyncode.com/xoai" xmlns:xsi="http://www.w3.org/2001/XMLSchema-instance" xmlns:dcterms="http://purl.org/dc/terms/" xsi:schemaLocation="http://www.loc.gov/MARC21/slim http://www.loc.gov/standards/marcxml/schema/MARC21slim.xsd">
<leader>00925njm 22002777a 4500</leader>
<datafield tag="042" ind1=" " ind2=" ">
<subfield code="a">dc</subfield>
</datafield>
<datafield tag="720" ind1=" " ind2=" ">
<subfield code="a">Romay García, Luis</subfield>
<subfield code="e">author</subfield>
</datafield>
<datafield tag="720" ind1=" " ind2=" ">
<subfield code="a">Núñez Marinero, Pello</subfield>
<subfield code="e">author</subfield>
</datafield>
<datafield tag="720" ind1=" " ind2=" ">
<subfield code="a">Perales Rondon, Juan Víctor</subfield>
<subfield code="e">author</subfield>
</datafield>
<datafield tag="720" ind1=" " ind2=" ">
<subfield code="a">Heras Vidaurre, Aránzazu</subfield>
<subfield code="e">author</subfield>
</datafield>
<datafield tag="720" ind1=" " ind2=" ">
<subfield code="a">Campo García, Francisco Javier del</subfield>
<subfield code="e">author</subfield>
</datafield>
<datafield tag="720" ind1=" " ind2=" ">
<subfield code="a">Colina Santamaría, Álvaro</subfield>
<subfield code="e">author</subfield>
</datafield>
<datafield tag="260" ind1=" " ind2=" ">
<subfield code="c">2024-10</subfield>
</datafield>
<datafield tag="520" ind1=" " ind2=" ">
<subfield code="a">The availability of new surface enhanced Raman scattering (SERS) substrates is essential to develop&#xd;
quantitative analytical methods. Electrochemistry is an easy, fast and reproducible methodology to prepare SERS&#xd;
substrates on screen-printed electrodes (SPEs).&#xd;
Results: This work proposes new SPEs based on a three-electrode system all made of silver. Using the same ink for&#xd;
the whole electrode system facilitates the fabrication process, reduces production costs, and leads to excellent&#xd;
analytical performance. The results showed that Raman enhancement depends strongly on the type of silver ink.&#xd;
To demonstrate the capabilities of the new electrodes developed, 4-aminosalicylic acid was determined in&#xd;
complex matrices and in the presence of strong interfering compounds such as salicylic acid and acetylsalicylic&#xd;
acid. The proposed analytical method is based on the electrochemical surface oxidation enhanced Raman scat&#xd;
tering (EC-SOERS) strategy. AgCl nanocrystals are generated on the working electrode surface, which amplify the Raman signal of 4-aminosalicylic acid. Good figures of merit were obtained both in the absence and in the&#xd;
presence of the interfering compounds, achieving a correct estimation of a 4-aminosalicylic test sample in&#xd;
complex matrices.&#xd;
Significance: The new SPEs have been demonstrated to be very sensitive and reproducible which, together to the&#xd;
high specificity of the Raman signal, makes this methodology very attractive for chemical analysis.</subfield>
</datafield>
<datafield tag="024" ind2=" " ind1="8">
<subfield code="a">0003-2670</subfield>
</datafield>
<datafield tag="024" ind2=" " ind1="8">
<subfield code="a">http://hdl.handle.net/10259/10193</subfield>
</datafield>
<datafield tag="024" ind2=" " ind1="8">
<subfield code="a">10.1016/j.aca.2024.343095</subfield>
</datafield>
<datafield ind1=" " ind2=" " tag="653">
<subfield code="a">Screen-printed electrodes</subfield>
</datafield>
<datafield ind1=" " ind2=" " tag="653">
<subfield code="a">Raman spectroelectrochemistry</subfield>
</datafield>
<datafield ind1=" " ind2=" " tag="653">
<subfield code="a">Electrochemistry</subfield>
</datafield>
<datafield ind1=" " ind2=" " tag="653">
<subfield code="a">EC-SERS</subfield>
</datafield>
<datafield ind1=" " ind2=" " tag="653">
<subfield code="a">EC-SOERS</subfield>
</datafield>
<datafield ind1=" " ind2=" " tag="653">
<subfield code="a">4-Aminosalicylic acid</subfield>
</datafield>
<datafield tag="245" ind1="0" ind2="0">
<subfield code="a">New screen-printed electrodes for Raman spectroelectrochemistry. Determination of p-aminosalicylic acid</subfield>
</datafield>
</record></metadata></record></GetRecord></OAI-PMH>